| 000 | 00842nam a22002177a 4500 | ||
|---|---|---|---|
| 999 |
_c8843 _d8843 |
||
| 003 | AR-CdUCM | ||
| 008 | 190326b ||||| |||| 00| 0 spa d | ||
| 040 |
_aMUNICIPALIDAD PROVINCIAL DEL CUSCO _cBIBLIOTECA MUNICIPAL DEL CUSCO |
||
| 082 |
_a985.009 / _bM26 |
||
| 100 |
_aMarquina Quiroz, Oscar V. _924629 |
||
| 245 | _aQuince Valores nacionales / | ||
| 260 |
_aLima : _c1962. |
||
| 300 |
_a319 paginas : _bilustraciones, garficos, cuadros _c22 cm. |
||
| 500 | _aLibro dañado para ir a taller y ser arreglado | ||
| 505 | _aContenido: 1 Garcilaso -- Túpac Amaru -- 2 Unanue -- Olaya --Melgar -- Castilla -- Vidal -- Salaverry -- Bolognesi -- Cáceres --Grau -- Ruiz -- Ugarte -- Prado -- Chávez. | ||
| 650 |
_aBiografias Historicas _96252 |
||
| 650 |
_aPerú _946847 |
||
| 650 |
_aSiglo XIX _9971 |
||
| 942 |
_2ddc _cLIBROS |
||
| 945 | _apjha | ||